| 000 | 00759nam a22001937a 4500 | ||
|---|---|---|---|
| 003 | BD-DhUL | ||
| 005 | 20161009135752.0 | ||
| 008 | 161009s1983 ii a|||| |||| 000 0 ben d | ||
| 040 |
_aBD-DhUL _cBD-DhUL |
||
| 082 |
_a294.5925 _bPUS |
||
| 100 | 1 | _aগোস্বামী, বিজন বিহারী | |
| 245 | 1 | 0 |
_aশ্রীসাম্ব-পুরাণম / _cবিজন বিহারী গোস্বামী, |
| 260 |
_aকলিকাতা : _bনবভারত, _c১৯৮৩. |
||
| 300 |
_a [১৫], ৪৭০ পৃ. ; _c২২ সে. মি. |
||
| 650 | 0 | _aহিন্দুধর্ম | |
| 650 | 0 | _aHinduism | |
| 700 | 1 | _aবন্দ্যোপাধ্যায়, দুর্গাচরণ | |
| 942 |
_2ddc _cBK |
||
| 999 |
_c107486 _d107486 |
||